| 000 | 01429nam a22004697a 4500 | ||
|---|---|---|---|
| 005 | 20241122192328.0 | ||
| 008 | 190923b xxu||||| |||| 00| 0 spa d | ||
| 020 | _a9789587715576 | ||
| 041 | _aspa | ||
| 082 | _a658.304 D948o | ||
| 100 |
_aDurán, Sonia Ethel _955996 |
||
| 245 | _aOrganizaciones exitosas, procesos multiculturales | ||
| 260 | _aColombia | ||
| 260 | _bEcoe Ediciones | ||
| 260 | _c2017 | ||
| 300 | _a194 páginas | ||
| 650 | _aGERENCIA DE PERSONAL | ||
| 650 | _aGESTIÓN DE EQUIPOS DIVERSOS | ||
| 650 | _aLIDERAZGO INTERCULTURAL | ||
| 650 | _aADMINISTRACIÓN DE PERSONAL | ||
| 650 | _aINTERACCIÓN CULTURAL | ||
| 650 | _aDISCRIMINACIÓN LABORAL | ||
| 650 | _aMULTICULTURALIDAD | ||
| 650 | _aCOMUNICACIÓN Y NEGOCIOS INTERNACIONALES | ||
| 650 | _aDIVERSIDAD E INCLUSIÓN EN EMPRESAS | ||
| 650 | _aDIVERSIDAD LABORAL | ||
| 650 | _aINDUCCIÓN ORGANIZACIONAL | ||
| 650 | _aSOCIALIZACIÓN | ||
| 650 | _aCAMBIO ORGANIZACIONAL | ||
| 650 | _aINNOVACIÓN | ||
| 650 | _aINNOVACIÓN EN ORGANIZACIONES MULTICULTURALES | ||
| 650 | _aCOMPETENCIAS LABORALES | ||
| 650 | _aINTELIGENCIA EMOCIONAL | ||
| 650 | _aMOTIVACIÓN | ||
| 650 | _aSATISFACCIÓN DE EMPLEADOS | ||
| 650 | _aCLIMA ORGANIZACIONAL | ||
| 650 | _aRESPONSABILIDAD CORPORATIVA | ||
| 650 | _aDESARROLLO ORGANIZACIONAL | ||
| 650 | _aCAMBIO CULTURAL EN LAS ORGANIZACIONES | ||
| 942 |
_cBK _2ddc |
||
| 999 |
_c12346 _d12346 |
||